000 00315nam a2200133Ia 4500
005 20260326100046.0
008 260326s9999||||xx |||||||||||||| ||und||
100 _aLynch, Kevin
245 0 _aLa imagen de la Ciudad /
_cKevin Lynch
260 _bGustavo Gili
300 _a227 p.
650 _aURBANISMO
942 _cBK
999 _c7201
_d7201